Jefferson Cities Map Quiz - Statistics

General Stats
  • This quiz has been taken 83 times
  • The average score is 8 of 10
Answers on the Map
Answers color-coded by a green-red scale on the quiz's map according to % correct below.
 
Answer Stats
Answer % Correct
Eureka
87%
Coos Bay
85%
Redding
84%
Klamath Falls
82%
Medford
82%
South Lake Tahoe
80%
Modesto
73%
Roseville
67%
Susanville
65%
Chico
64%
No matching quizzes found
Score Distribution
Percent of People with Each Score
Percentile by Number Answered
Your Score History
You have not taken this quiz